000 00352nam a2200157Ia 4500
008 151213s9999 xx 000 0 und d
100 _aS, M Aali
245 _aRainbow Over Padma
_cS, M Aali
250 _a1st
260 _aDhaka
_bD. U.
_c1994
300 _a4344 p.
650 _aEnglish
650 _aNovels
700 _aS, M Aali
999 _c2758
_d2758